Rozšírenie kognitívneho vylepšovania vo vybranom podniku diplomová práca

Enregistré dans:
Détails bibliographiques
Auteur principal: Baleková, Mária
Collectivité auteur: Fakulta podnikového manažmentu EU. Katedra manažmentu
Autres auteurs: Mišún, Juraj, 1978-
Format: Livre
Langue:slovaque
Publié: Bratislava 2016
Tags: Ajouter un tag
Pas de tags, Soyez le premier à ajouter un tag!

MARC

LEADER 00000nbm a2200000 4500
001 0232138
005 20171219104910.4
041 0 |a slo 
044 |a SK 
245 1 0 |a Rozšírenie kognitívneho vylepšovania vo vybranom podniku  |b diplomová práca  |c Mária Baleková ; školiteľ: Juraj Mišún 
264 1 |a Bratislava  |c 2016 
300 |a 63 s. 
100 1 |a Baleková, Mária 
700 1 |a Mišún, Juraj, 1978- 
710 2 |a Fakulta podnikového manažmentu EU. Katedra manažmentu